000 00294nam a2200133 i 4500
001 bg
100 1 _aSACHA, K.
245 0 _aSystemy techniki cyfrowej /
_cK. Sacha.
260 _aWarszawa,
_c1988.
040 _cBPK
041 _apol
942 _cKS
008 s pl f |000 0 pol
999 _c3786
_d3786
856 _uhttp://koha.tu.koszalin.pl/cgi-bin/koha/opac-detail.pl?biblionumber=3786
_yKatalog online BPK